000 00516nam a22001697a 4500
003 OSt
005 20260123152145.0
008 260123b |||||||| |||| 00| 0 eng d
040 _cMRSPTU
041 _aEnglish
100 _aJyoti Sharma, Supervisor: Jyoti Rani
245 _aAn Efficient Hybrid Approach for Secure Speech Cryptography
260 _bDepartment of CSE, MRSPTU, Bathinda
_c2016
650 _aComputer Science
856 _uhttp://163.47.215.52:8080/jspui/handle/123456789/257
942 _2ddc
_cTH
_n0
999 _c10742
_d10742